000 00323nam a2200121Ia 4500
008 220216s9999 xx 000 0 und d
100 _aDeka H K
245 0 _aDefinition of some words used in biological science. Part. 1
260 _bRubber Sangbad
_c2015
300 _a15,18
650 _aBiological science
942 _cBS
999 _c51286
_d51286